00374nam a2200157Ia 4500003000400000008004100004040001600045082001700061100001800078245003400096260003100130300001000161650001500171650001700186650001300203GCL140319s9999 xx 000 0 eng d aGCL / cGCL04a808.883bD F1 aDAVID, CLAUDE10aFRANZ KAFKA / cDAVID, CLAUDE a[S.N] : bFAYARD ، c1989 a340 P04aLITERATURE04aKAFKA, FRANZ04aJOURNALS